10 Tallest Volcanoes - Statistics

General Stats
  • This quiz has been taken 9 times
  • The average score is 2 of 10
Answer Stats
Elevation (m) Country Volcano name % Correct
6,893 Argentina/Chile Ojos del Salado
88%
6,739 Argentina/Chile Llullaillaco
25%
6,501 Chile Ata
13%
6,621 Argentina/Chile Incahuasi
13%
6,793 Argentina Monte Pissis
13%
6,748 Argentina/Chile Nevado Tres Cruces
13%
6,660 Argentina Tipas
13%
6,570 Argentina Tupungato
13%
6,542 Bolivia Nevado Sajama
0%
6,629 Chile Nevado Tres Cruces Central
0%
No matching quizzes found
Score Distribution
Percent of People with Each Score
Percentile by Number Answered
Your Score History
You have not taken this quiz